Harry Potter Logic Puzzle #5 - Statistics

General Stats
  • This quiz has been taken 2,981 times
  • The average score is 11 of 15
Answer Stats
Item % Correct
Xenophilius Lovegood
98%
Grawp
92%
Hedwig
91%
Alice Longbottom
84%
Hermione Granger
82%
Dobby
69%
Hannah Abbott
69%
Oliver Wood
68%
Cormac McLaggen
64%
Godric Gryffindor
63%
Firenze
62%
Lucius Malfoy
60%
Minerva McGonagall
57%
Bathilda Bagshot
55%
Kingsley Shacklebolt
51%
No matching quizzes found
Score Distribution
Percent of People with Each Score
Percentile by Number Answered
Your Score History
You have not taken this quiz